000 00787nam a2200241 a 4500
001 41112
003 BD-RjUL
005 20211209053330.0
008 160515s1979 bg ||||| |||| 00| f ben d
020 _cTk. 20.00
035 _a(BD-RjUL)41228
040 _aBD-RjUL
_bben
_cBD-RjUL
041 _aben
082 _223
_a891.443
_bRAB 1979
100 _aরায়হান, জহির
_9126468
245 1 0 _aবরফ গলা নদী /
_cজহির রায়হান
250 _a৪র্থ সং.
260 _aঢাকা :
_bসন্ধানী প্রকাশনী,
_c১৯৭৯
300 _a১৪৬ প. ;
_c২২ সেমি.
650 _aবাংলা উপন্যাস
_9126469
650 _aBengali Fiction
_9126470
942 _2ddc
_cBK
_02
999 _c41112
_d41112